Good The Bad and the Ugly (Record no. 15700)
[ view plain ]
| 000 -LEADER | |
|---|---|
| fixed length control field | 01931ngm a2200409 4500 |
| 003 - CONTROL NUMBER IDENTIFIER | |
| control field | dpl |
| 005 - DATE AND TIME OF LATEST TRANSACTION | |
| control field | 20080723110517.0 |
| 007 - PHYSICAL DESCRIPTION FIXED FIELD--GENERAL INFORMATION | |
| fixed length control field | DVD |
| 008 - FIXED-LENGTH DATA ELEMENTS--GENERAL INFORMATION | |
| fixed length control field | ||||||sp199 xxu|||||c|||| 00| 0 eng d |
| 010 ## - LIBRARY OF CONGRESS CONTROL NUMBER | |
| LC control number | DVD-000596 |
| 024 ## - OTHER STANDARD IDENTIFIER | |
| Standard number or code | 15813 |
| Terms of availability | 499.00 |
| 035 ## - SYSTEM CONTROL NUMBER | |
| System control number | DVD-000596 DVD-001077-1078 |
| 040 ## - CATALOGING SOURCE | |
| Original cataloging agency | DPL |
| Transcribing agency | DPL |
| 082 ## - DEWEY DECIMAL CLASSIFICATION NUMBER | |
| Classification number | DVD / GOOD |
| 245 ## - TITLE STATEMENT | |
| Title | Good The Bad and the Ugly |
| Statement of responsibility, etc | 20th Century Fox Presents |
| Medium | [videorecording] DVD/ |
| 246 ## - VARYING FORM OF TITLE | |
| Title proper/short title | . |
| 260 ## - PUBLICATION, DISTRIBUTION, ETC. (IMPRINT) | |
| Name of publisher, distributor, etc | 20th Century Fox Homeentertainment |
| 300 ## - PHYSICAL DESCRIPTION | |
| Extent | 1 videodisc DVD; (178 min.) : |
| Other physical details | sd., col. ; |
| Dimensions | 4 3/4 in. |
| Type of unit | DVD |
| 440 ## - SERIES STATEMENT/ADDED ENTRY--TITLE | |
| Title | 20th Centyry Fox Home Entertainment |
| 500 ## - GENERAL NOTE | |
| General note | Sole Distributor in India M/s. Excel Productions Autio Visuals Pvt. Ltd. |
| 500 ## - GENERAL NOTE | |
| General note | Brilliant, Impressive, Overwhelming Entertainment |
| 538 ## - SYSTEM DETAILS NOTE | |
| System details note | Dolby Digital 5.1-English, Spanish, Portuguees Subtitles: English, Cantonese,Thai, Korean, Bahasa, Mandarin |
| 538 ## - SYSTEM DETAILS NOTE | |
| System details note | Aspect Ratio: 2.35:1, Presentation type: Wide Screne, Presentation Size 16x9, Format DVD 9 Dual Layer Single Sided Disc. |
| 650 ## - SUBJECT ADDED ENTRY--TOPICAL TERM | |
| Topical term or geographic name as entry element | Motion Picture |
| 700 ## - ADDED ENTRY--PERSONAL NAME | |
| Personal name | Eastwood, Clint |
| 700 ## - ADDED ENTRY--PERSONAL NAME | |
| Personal name | Cleef, Lee Van |
| 700 ## - ADDED ENTRY--PERSONAL NAME | |
| Personal name | Guffre, Aldo |
| 700 ## - ADDED ENTRY--PERSONAL NAME | |
| Personal name | Brega, Mario |
| 700 ## - ADDED ENTRY--PERSONAL NAME | |
| Personal name | Wallach, Eli |
| 700 ## - ADDED ENTRY--PERSONAL NAME | |
| Personal name | Vincenzoni, Luciano |
| 700 ## - ADDED ENTRY--PERSONAL NAME | |
| Personal name | Leone, Sergio |
| 942 ## - ADDED ENTRY ELEMENTS (KOHA) | |
| Koha item type | CD-ROMs, DVDs, VHS |
| Source of classification or shelving scheme | Dewey Decimal Classification |
| Classification part | DVD |
| Call number suffix | GOOD |
| Withdrawn status | Lost status | Source of classification or shelving scheme | Damaged status | Not for loan | Home library | Current library | Date acquired | Source of acquisition | Cost, normal purchase price | Total Checkouts | Full call number | Barcode | Date last seen | Date checked out | Copy number | Cost, replacement price | Price effective from | Koha item type |
|---|---|---|---|---|---|---|---|---|---|---|---|---|---|---|---|---|---|---|
| Dewey Decimal Classification | Central Library | Central Library | 25/09/2008 | Purchase | 499.00 | 14 | DVD GOOD | DVD-000596 | 23/03/2018 | 17/03/2018 | 1 | 499.00 | 25/09/2008 | CD-ROMs, DVDs, VHS | ||||
| Dewey Decimal Classification | Patel Nagar | Patel Nagar | 20/10/2008 | Purchase | 499.00 | 7 | DVD GOOD | DVD-001078 | 13/11/2013 | 07/11/2013 | 1 | 499.00 | 20/10/2008 | CD-ROMs, DVDs, VHS | ||||
| Dewey Decimal Classification | Sarojini Nagar | Sarojini Nagar | 20/10/2008 | Purchase | 499.00 | 15 | DVD GOOD | DVD-001077 | 21/10/2016 | 29/09/2016 | 1 | 499.00 | 20/10/2008 | CD-ROMs, DVDs, VHS |
